000 01039nam a2200265 a 4500
001 49429
003 BD-RjUL
005 20211209054659.0
008 160820s1940 nyu 000 0 eng
035 _a(BD-RjUL)49548
040 _dBD-RjUL
_aBD-RjUL
_beng
_cBD-RjUL
041 _aeng
082 _a352.23
_223
_bLAA 1940
100 1 _aLaski, Harold Joseph,
_d1893-1950.
_9128424
245 1 4 _aThe American presidency :
_ban interpretation /
_cby Harold J. Laski.
250 _a"First edition."
260 _aNew York, N.Y. :
_bHarper & Brothers,
_cc1940
300 _aviii p., 1 l, 278 p. ;
_c23 cm.
500 _a"In the spring of 1939 Indiana University honored me with an invitation to lecture there on the Patten Foundation; this volume is, substantially, the course I delivered."--Pref.
650 0 _aExecutive power
_zUnited States.
_9130347
650 0 _aPresidents
_zUnited States.
_9148370
651 0 _aUnited States
_xPolitics and government.
_9148371
830 0 _aPatten Foundation series ;
_v1939.
_9148372
942 _2ddc
_cBK
999 _c49429
_d49429